Crea tu propia reserva natural
Bewaard in:
| Hoofdauteur: | |
|---|---|
| Formaat: | Boek |
| Taal: | Spaans |
| Gepubliceerd in: |
Buenos Aires
Lumen
1991
|
| Onderwerpen: | |
| Tags: |
Voeg label toe
Geen labels, Wees de eerste die dit record labelt!
|
MARC
| LEADER | 00000nam a2200000 a 4500 | ||
|---|---|---|---|
| 001 | UCZ1432 | ||
| 003 | CL-VaPUC | ||
| 008 | 950824e19910000AG |||||||||||||||||spa|d | ||
| 082 | 0 | 4 | |a 372.3 |b KEL |2 21 |
| 100 | |a Kelly de Escobar, Janet |e author |9 555830 | ||
| 245 | 1 | 0 | |a Crea tu propia reserva natural |
| 300 | |a 45 p | ||
| 942 | |c BK | ||
| 945 | |d 19950824 00:00:00 |a rbrito | ||
| 260 | |a Buenos Aires |b Lumen |c 1991 | ||
| 650 | 0 | |a Educación científica |9 307484 | |
| 650 | 0 | |a Botánica |9 264202 | |
| 650 | 0 | |a Plantas |9 264555 | |
| 583 | |a last modification |c 20170824 09:31:58 |k Rodrigo Vera | ||
| 999 | |c 238178 |d 238176 | ||
| 952 | |0 0 |1 0 |4 0 |6 372_300000000000000_KEL_1991 |7 0 |8 P |9 248203 |a BIBEDU |b BIBEDU |c BIBEDU_PB |d 2019-11-18 |i 3118487 |o 372.3 KEL 1991 |p 3118487 |r 2024-01-25 |w 2019-11-18 |y BK |k EPE | ||